Normal view
MARC view
- Gustafson, R. David
Entry Personal Name
001 - CONTROL NUMBER
- control field: 1304
003 - CONTROL NUMBER IDENTIFIER
- control field: OSt
005 - DATE AND TIME OF LATEST TRANSACTION
- control field: 20251013115440.0
008 - FIXED-LENGTH DATA ELEMENTS
- fixed length control field: 251013|| aca||aabn | a|a d
040 ## - CATALOGING SOURCE
- Original cataloging agency: OSt
- Transcribing agency: OSt
100 ## - HEADING--PERSONAL NAME
- Personal name: Gustafson, R. David
- Fuller form of name: (Roy David),
- Dates associated with a name: 1936-
670 ## - SOURCE DATA FOUND
- Source citation: Work cat.: (OSt)8594: Tussy, Alan S., 1951- 1302, Elementary and intermediate algebra /, c2013.